Trees of North America - Statistics

General Stats
  • This quiz has been taken 130 times
  • The average score is 16 of 32
Answer Stats
Picture Answer % Correct
White Oak
94%
Maple
87%
Birch
86%
Pine
81%
Coast Redwood
80%
Spruce
69%
Holly
67%
Fir
64%
Joshua Tree
61%
Magnolia
57%
Giant Sequoia
56%
Quaking Aspen
55%
Red Mangrove
52%
Chestnut
51%
Incense Cedar
51%
Cottonwood
50%
Sycamore
50%
Elm
49%
Hickory
47%
Saguaro Cactus
46%
Bald Cypress
43%
Dogwood
43%
Ash
42%
Beech
42%
Sweetgum
39%
Tulip Poplar
35%
Pawpaw
32%
Tamarack
31%
Honey Locust
21%
Live Oak
20%
Strangler Fig
17%
Sabal Palmetto
3%
No matching quizzes found
Score Distribution
Percent of People with Each Score
Percentile by Number Answered
Your Score History
You have not taken this quiz